000 01045nam a2200325 c 4500
001 12295
003 ES-MaCES
005 20141221122200.0
008 010625s2001 sp d t 000 | spa d
017 _aM 17954-2001
_bDL
035 _aCES20010008659m
040 _aES-MaCES
_bspa
_cES-MaCES
245 0 4 _aUna reforma integral del sistema de pensiones en España
260 _aMadrid
_bCírculo de Empresarios
_c2001
300 _a141 p.
_c22 cm
541 _cGratuito
650 4 _aprestaciones de vejez
_927041
650 4 _arégimen privado de pensión
_930260
650 4 _afondo de jubilaciones
_929816
650 4 _aseguridad social
_927034
650 4 _aadministración de la seguridad social
_930264
650 4 _afinanciación de la seguridad social
_930265
650 4 _aestudio de investigación
_929263
650 4 _aEspaña
_926964
653 1 0 _aSeguridad Social
710 2 _aCírculo de Empresarios
_eed.
_91954
902 _aLIB Libro
942 _2CES
_cBK
_h3.0.
999 _c12295
_d12295